Hoorey!

Bibliographic Details
Main Author: Ahadiat Akashah
Format: Book
Published: Kuala Lumpur : Melati Publisher Sdn.Bhd. , 1994

MARC

LEADER 00000cam a2200000 7i4500
001 0000007888
002 000008462
005 20000330.0
020 |a 9839806394 
090 0 0 |a F   |b AHA 
100 0 |a Ahadiat Akashah 
245 1 0 |a Hoorey!   |c Ahadiat Akashah 
260 |a Kuala Lumpur :   |b Melati Publisher Sdn.Bhd. ,   |c 1994 
300 |a 130 p. ;   |c 18 cm. 
999 |a 042231   |b BUKU   |c PINJAMAN   |e PERPUSTAKAAN KOMUNITI PETALING JAYA 
999 |a 042232   |b BUKU   |c PINJAMAN   |e PERPUSTAKAAN KOMUNITI PETALING JAYA 
999 |a 042233   |b BUKU   |c PINJAMAN   |e PERPUSTAKAAN KOMUNITI PETALING JAYA